Diseño de industrias agroalimentarias
Na minha lista:
| Autor principal: | |
|---|---|
| Formato: | Livro |
| Idioma: | espanhol |
| Publicado em: |
Madrid
Mundi-Prensa
2004
|
| Colecção: | Colección Tecnología de Alimentos
|
| Assuntos: | |
| Tags: |
Adicionar Tag
Sem tags, seja o primeiro a adicionar uma tag!
|
MARC
| LEADER | 00000nam a2200000 a 4500 | ||
|---|---|---|---|
| 001 | UCI4492 | ||
| 003 | CL-VaPUC | ||
| 005 | 20230601074027.0 | ||
| 008 | 080118e20040000SP |||||||||||||||||spa|d | ||
| 999 | |c 328422 |d 328420 | ||
| 020 | |a 848476219X | ||
| 040 | |c Pontificia Universidad Católica de Valparaíso | ||
| 082 | 0 | 4 | |a 338.456 |b CAS |2 21 |
| 100 | 0 | |a Casp Vanaclocha, Ana |e autora |9 526421 | |
| 245 | 1 | 0 | |a Diseño de industrias agroalimentarias |
| 260 | |a Madrid |b Mundi-Prensa |c 2004 | ||
| 300 | |a 294 p | ||
| 490 | 0 | |a Colección Tecnología de Alimentos | |
| 583 | |a last modification |c 20080118 00:00:00 |k Rodrigo Vera | ||
| 650 | 0 | |a Industria alimentaria |x Diseño estructural |9 331702 | |
| 650 | 0 | |a Procesado de alimentos |x Diseño de plantas procesadoras |9 867814 | |
| 942 | |c BK |2 ddc | ||
| 945 | |d 20080118 00:00:00 |a jtorresc | ||
| 952 | |0 0 |1 0 |4 0 |6 338_456000000000000_CAS_2004 |7 0 |8 A |9 412321 |a BIBALI |b BIBALI |c RES |d 2019-11-22 |i 4403452 |o 338.456 CAS 2004 |p 4403452 |r 2025-01-20 |w 2019-11-22 |y BK_R |k ALI | ||
| 952 | |0 0 |1 0 |4 0 |6 338_456000000000000_CAS_2004 |7 0 |8 A |9 412322 |a BIBALI |b BIBALI |c RES |d 2019-11-22 |i 4458745 |o 338.456 CAS 2004 |p 4458745 |r 2025-01-20 |w 2019-11-22 |y BK_R |k ALI | ||
| 952 | |0 0 |1 0 |2 ddc |4 0 |6 338_456000000000000_CAS_2004 |7 0 |8 A |9 582296 |a BIBAGR |b BIBAGR |c GEN |d 2022-03-30 |e 74 |g 48517.00 |i 5650504 |o 338.456 CAS 2004 |p 5650504 |r 2025-01-20 |t 3 |v 48517.00 |w 2022-03-30 |y BK |k DCA | ||